Let's go fishing! : fish tales from the north ... Read More
Available copies
- 5 of 5 copies available at LARL/NWRL Consortium.
- 4 of 4 copies available at Lake Agassiz Regional Library. (Show preferred library)
Current holds
0 current holds with 5 total copies.
Show All Copies
| Location | Call Number / Copy Notes | Barcode | Shelving Location | Status | Due Date |
|---|---|---|---|---|---|
| Ada Public Library | 799.1 DRE (Text) | 33500014271449 | Main | Available | - |
| Barnesville Public Library | 799.1 DRE (Text) | 33500012317848 | Main | Available | - |
| Crookston Public Library | 799.1 DRE (Text) | 33500014271431 | Main | Available | - |
| Detroit Lakes Public Library | 799.1 DRE (Text) | 33500012317855 | Main | Available | - |
| Greenbush Public Library | 799.1 DRE (Text) | 35500005987514 | Main | Available | - |
Record details
- ISBN: 9780816693214
- ISBN: 0816693218
- Physical Description: xix, 221 pages : illustrations (some color) ; 24 ... Read More
- Publisher: Minneapolis : University of Minnesota Press, [2016]
Content descriptions
| Bibliography, etc. Note: | Includes bibliographical references. |
Search for related items by subject
| Subject: | Fishing > History. Fishing > Anecdotes. Fishing |
| Genre: | Anecdotes. History. |
| LDR | 01443cam a2200397 i 4500 | ||
|---|---|---|---|
| 001 | 220270 | ||
| 003 | LARL_NWRL_CONSORTIUM | ||
| 005 | 20161103090552.0 | ||
| 008 | 160226s2016 mnua b 000 0 eng | ||
| 020 | . | ‡a9780816693214 ‡qhardcover ; ‡qalkaline paper | |
| 020 | . | ‡a0816693218 ‡qhardcover ; ‡qalkaline paper | |
| 035 | . | ‡a(OCoLC)928613486 | |
| 042 | . | ‡apcc | |
| 082 | 0 | 0. | ‡a799.1 ‡223 |
| 100 | 1 | . | ‡aDregni, Eric, ‡d1968- ‡eauthor. ‡0(LARL_NWRL_CONSORTIUM)154350 |
| 245 | 1 | 0. | ‡aLet's go fishing! : ‡bfish tales from the north woods / ‡cEric Dregni. |
| 264 | 1. | ‡aMinneapolis : ‡bUniversity of Minnesota Press, ‡c[2016] | |
| 300 | . | ‡axix, 221 pages : ‡billustrations (some color) ; ‡c24 cm | |
| 336 | . | ‡atext ‡btxt ‡2rdacontent | |
| 337 | . | ‡aunmediated ‡bn ‡2rdamedia | |
| 338 | . | ‡avolume ‡bnc ‡2rdacarrier | |
| 504 | . | ‡aIncludes bibliographical references. | |
| 650 | 0. | ‡aFishing ‡xHistory. | |
| 650 | 0. | ‡aFishing ‡vAnecdotes. ‡0(LARL_NWRL_CONSORTIUM)20295 | |
| 650 | 7. | ‡2fast ‡aFishing ‡0(LARL_NWRL_CONSORTIUM)20294 | |
| 655 | 7. | ‡aAnecdotes. ‡2fast | |
| 655 | 7. | ‡aHistory. ‡2fast | |
| 905 | . | ‡uvanderl | |
| 901 | . | ‡a220270 ‡b ‡c220270 ‡tbiblio ‡soclc | |

Add to basket
Permalink
Disable Highlighting